书目信息 |
| 题名: |
图说山地建筑设计
|
|
| 作者: | 宗轩 著 | |
| 分册: | ||
| 出版信息: | 上海 同济大学出版社 2020.10 |
|
| 页数: | 191页 | |
| 开本: | 26cm | |
| 丛书名: | 图说建筑设计 | |
| 单 册: | ||
| 中图分类: | TU29-64 | |
| 科图分类: | ||
| 主题词: | 山地--shan di--建筑设计--图解 | |
| 电子资源: | ||
| ISBN: | 978-7-5608-9456-0 | |
| 000 | 01242nam 2200301 450 | |
| 001 | 202021193931 | |
| 005 | 20211025120142.0 | |
| 010 | @a978-7-5608-9456-0@dCNY58.00 | |
| 100 | @a20211002d2020 em y0chiy50 ea | |
| 101 | 0 | @achi |
| 102 | @aCN@b310000 | |
| 105 | @aa a 000yy | |
| 106 | @ar | |
| 200 | 1 | @a图说山地建筑设计@Atu shuo shan di jian zhu she ji@d= Graphic illustration of hillside architecture design@f宗轩著@zeng |
| 205 | @a第2版 | |
| 210 | @a上海@c同济大学出版社@d2020.10 | |
| 215 | @a191页@c图@d26cm | |
| 225 | 2 | @a图说建筑设计@Atu shuo jian zhu she ji |
| 314 | @a宗轩, 同济大学教授、博士研究生导师。 | |
| 320 | @a有书目 (第188-189页) | |
| 330 | @a本书从山地建筑的概念和特点、山地建筑的自然环境和人文环境、山地建筑经典案例的讲述出发, 以图文并进的方式, 将设计前期、总体设计、平面设计、剖面设计、形体设计等设计创作过程进行图解分析, 以此来帮助初学设计的学生学会建筑设计思考的方式、学会设计语言, 可以通过图纸准确地表达设计意图。 | |
| 410 | 0 | @12001 @a图说建筑设计 |
| 510 | 1 | @aGraphic illustration of hillside architecture design@zeng |
| 606 | 0 | @a山地@Ashan di@x建筑设计@j图解 |
| 690 | @aTU29-64@v5 | |
| 701 | 0 | @a宗轩@Azong xuan@4著 |
| 801 | 0 | @aCN@c20210909 |
| 905 | @a河南城建学院图书馆@dTU29-64@eZ960 | |
| 图说山地建筑设计= Graphic illustration of hillside architecture design/宗轩著.-第2版.-上海:同济大学出版社,2020.10 |
| 191页:图;26cm.-(图说建筑设计) |
| ISBN 978-7-5608-9456-0:CNY58.00 |
| 本书从山地建筑的概念和特点、山地建筑的自然环境和人文环境、山地建筑经典案例的讲述出发, 以图文并进的方式, 将设计前期、总体设计、平面设计、剖面设计、形体设计等设计创作过程进行图解分析, 以此来帮助初学设计的学生学会建筑设计思考的方式、学会设计语言, 可以通过图纸准确地表达设计意图。 |
| ● |
| 相关链接 |
|
|
|
正题名:图说山地建筑设计
索取号:TU29-64/Z960
 
预约/预借
| 序号 | 登录号 | 条形码 | 馆藏地/架位号 | 状态 | 备注 |
| 1 | 1543152 | 215431520 | 建筑库101/101建筑库 73排2列3层/ [索取号:TU29-64/Z960] | 在馆 | |
| 2 | 1543153 | 215431539 | 建筑库101/101建筑库 73排2列3层/ [索取号:TU29-64/Z960] | 在馆 |